[Event "Osijek-ch op"]
[Site "Osijek"]
[Date "2011.02.26"]
[Round "6"]
[White "Daic, Kristijan"]
[Black "Vlaicevic, Marin"]
[Result "1/2-1/2"]
[WhiteElo "1669"]
[BlackElo "2022"]
[PlyCount "44"]
[EventDate "2011.02.24"]
[EventType "swiss"]
[EventRounds "7"]
[EventCountry "CRO"]
[SourceTitle "EXT 2012"]
[Source "ChessBase"]
[SourceDate "2011.11.24"]
[SourceVersion "1"]
[SourceVersionDate "2011.11.24"]
[SourceQuality "1"]

1. Nf3 d5 2. e4 dxe4 3. Ng5 Nf6 4. Bc4 e6 5. Nc3 b6 6. Ngxe4 Nxe4 7. Nxe4 Bb7 8. d3 Bxe4 9. dxe4 Qxd1+ 10. Kxd1 Nc6 11. Bb5 0-0-0+ 12. Ke1 Nb4 13. Ba4 Be7 14. a3 Na6 15. Be3 Bc5 16. Ke2 Bxe3 17. Kxe3 Nc5 18. Bb5 e5 19. Rad1 Kb7 20. b4 Ne6 21. c3 Rd6 22. Rxd6 cxd6 1/2-1/2

[Event "Osijek-ch op"]
[Site "Osijek"]
[Date "2011.02.25"]
[Round "3"]
[White "Batkovic, Ivica"]
[Black "Daic, Kristijan"]
[Result "0-1"]
[WhiteElo "1687"]
[BlackElo "1669"]
[PlyCount "68"]
[EventDate "2011.02.24"]
[EventType "swiss"]
[EventRounds "7"]
[EventCountry "CRO"]
[SourceTitle "EXT 2012"]
[Source "ChessBase"]
[SourceDate "2011.11.24"]
[SourceVersion "1"]
[SourceVersionDate "2011.11.24"]
[SourceQuality "1"]

1. e4 Nf6 2. e5 Nd5 3. c4 Nb6 4. d4 d6 5. Nf3 Nc6 6. exd6 exd6 7. d5 Ne5 8. Nxe5 dxe5 9. Bd3 Bc5 10. Nd2 0-0 11. 0-0 c6 12. Nb3 Bd4 13. Nxd4 exd4 14. c5 Nxd5 15. a3 Qa5 16. b4 Qc7 17. Bc4 Rd8 18. Bb2 Nf4 19. Qf3 Be6 20. Bxe6 Nxe6 21. Rad1 Rd5 22. Rd3 Rad8 23. Re1 a5 24. Qe4 h6 25. g3 b6 26. Rc1 bxc5 27. Rc4 Qb6 28. Qg4 cxb4 29. axb4 axb4 30. Kg2 c5 31. f4 Qb5 32. Rcxd4 Nxd4 33. Bxd4 cxd4 34. h4 h5 0-1